000 004800000a22001810004500
003 MACL
005 20151027152642.0
008 151027b xxu||||| |||| 00| 0 eng d
040 _aMACL
_cMACL
041 _aEnglish
082 _a711.57/SEN
100 _aSen ,Sujit Narayan
_917028
245 _aTHE STORY OF MUSEUMS
_bWONDERS OF THE TAJ MAHAL AND AJANTA
260 _aKOLKATA
_bPUNTHI PUSTAK
_c2006
350 _a1550
650 _aMUSEUM
_917029
942 _cBK
_k711.57/SEN
_2ddc
999 _c44347
_d44347